|
|
|
|
| LEADER |
00000css a2200000 a 4500 |
| 001 |
45505 |
| 005 |
20231209062601.0 |
| 008 |
000000| ||||||||r|||||||||||spa|| |
| 040 |
|
|
|b spa
|
| 041 |
1 |
|
|a spa
|
| 082 |
0 |
|
|a 370.5
|b M644b
|
| 110 |
1 |
|
|a Ministerio de Educación Pública
|9 249413
|
| 245 |
|
|
|a Boletín del Ministerio de Educación Pública
|c Ministerio de Educación Pública
|h imp
|
| 264 |
|
|
|a Quito
|b Ministerio de Educación Pública
|c Septiembre 25 de 1936
|
| 300 |
|
|
|a 31 páginas:
|c 31 cm
|
| 362 |
|
|
|a Año I; no. 7 (septiembre 25 de 1936)
|
| 650 |
|
0 |
|a Boletín de Historia
|9 175372
|
| 852 |
|
|
|a UC-CDJBV
|c ESTANTERIA CERRADA
|f Donación
|k margarita.gutierrez
|l 1
|p 00000000
|q 0.50
|r 2
|t 45505
|d CDRC
|e CDRC
|g 370.5 M644b ESTANTERIA CERRADA
|z 0000-00-00
|
| 942 |
|
|
|c SER
|
| 999 |
|
|
|c 138046
|d 138046
|